New Europe (Record no. 6189)

MARC details
000 -LEADER
fixed length control field 00387nas a22001817i 4500
001 - CONTROL NUMBER
control field 7239
003 - CONTROL NUMBER IDENTIFIER
control field OSt
005 - DATE AND TIME OF LATEST TRANSACTION
control field 20180627173627.0
007 - PHYSICAL DESCRIPTION FIXED FIELD--GENERAL INFORMATION
fixed length control field tu
008 - FIXED-LENGTH DATA ELEMENTS--GENERAL INFORMATION
fixed length control field 161220s xxu||||| |||| 00| 0 d
024 7# - OTHER STANDARD IDENTIFIER
Standard number or code 7239
Source of number or code RID
024 7# - OTHER STANDARD IDENTIFIER
Standard number or code 7239
Source of number or code RSN (alt)
040 ## - CATALOGING SOURCE
Transcribing agency OSt
100 1# - MAIN ENTRY--PERSONAL NAME
Personal name Coronakis, Basil A.
245 00 - TITLE STATEMENT
Title New Europe
Remainder of title The European Weekly
260 ## - PUBLICATION, DISTRIBUTION, ETC.
Place of publication, distribution, etc. Athens.
942 ## - ADDED ENTRY ELEMENTS (KOHA)
Koha item type Journal
Holdings
Withdrawn status Lost status Damaged status Not for loan Home library Current library Shelving location Date acquired Inventory number Total Checkouts Barcode Date last seen Price effective from Koha item type
        WIIW WIIW Library 01/07/2004 7239   10002776 01/26/2017 01/26/2017 Journal
The Vienna Instiute for International Economic Studies (wiiw)